El vuelo del Ra (Registro nro. 2737)

Detalles MARC
000 -Cabecera
Campo de control de longitud fija 00733aam a2200277 4500
005 - Fecha y hora de la última transacción
Campo de control 20260518132626.0
008 - Elementos de longitud fija--Información general
Campo de control de longitud fija 150610b2010 xxu||||| |||| 00| 0 spa d
020 ## - International Standard Book Number
Número Internacional Estándar del Libro (ISBN) 9789977952871
041 ## - Idioma
Código de idioma Español
082 ## - Clasificación Decimal Dewey
Número de clasificación CR 863.44 D352v
100 ## - Entrada principal--Autor personal
Nombre personal Delgado Cascante, Manuel Enrique
9 (RLIN) 23984
245 ## - Título propiamente dicho
Título El vuelo del Ra
260 ## - Pie de imprenta
Lugar de publicación, distribución, etc. Costa Rica
260 ## - Pie de imprenta
Nombre del editor, distribuidor, etc. Uruk Editores
260 ## - Pie de imprenta
Fecha de publicación, distribución, etc. 2010
300 ## - Descripción física
Extensión 152 páginas
490 ## - Serie
Título de la Serie Temática General
650 ## - Materia general
Temática (materia general) TEMÁTICA GENERAL
650 ## - Materia general
Temática (materia general) NOVELA COSTARRICENSE
650 ## - Materia general
Temática (materia general) LITERATURA COSTARRICENSE
650 ## - Materia general
Temática (materia general) DESTRUCCIÓN DE LA TIERRA
650 ## - Materia general
Temática (materia general) SUPERVIVENCIA HUMANA
650 ## - Materia general
Temática (materia general) GLOBALIZACIÓN
650 ## - Materia general
Temática (materia general) FUTURO DE LA HUMANIDAD
942 ## - Punto de acceso adicional KOHA
Tipo de ítem KOHA Literatura
Fuente del sistema de clasificación o colocación Dewey Decimal Classification
Existencias
Signatura completa Código de barras Programa Académico Tipo de ítem
CR 863.44 D352v 16012 Temática General Literatura